00317nam a2200133Ia 4500003000400000005001700004008004100021020001800062040001700080100001200097100000900109245005500118260001000173OSt20240412142616.0170524s9999 xx 000 0 und d a9788131717301 ciimtu meerut aRobbins c2006 0aOrganization Theory SturtureDesing and Application aP.H.I